Statistics for Most Bankable Actresses / Actors

Click here to take the quiz!

General Stats

  • This quiz has been taken 37 times
  • The average score is 2 of 8

Answer Stats

Box Office for Movies with Starring Roles:Actress/Actor% Correct
$3,265,811,243Robert Downey Jr.
69%
$1,687,757,305Johnny Depp
55%
$1,836,746,804Jennifer Lawrence
34%
$1,598,066,379Harrison Ford
28%
$1,623,651,824Liam Hemsworth
10%
$1,710,198,997Josh Hutcherson
0%
$1,237,954,580Josh Duhamel
0%
$1,423,319,294Robert Pattinson
0%

Score Distribution

Percentile by Number Answered

Percent of People with Each Score

Your Score History

You have not taken this quiz